• 首页
  • 本馆介绍
  • 公告通知
  • 最新文献
  • 馆藏检索
  • 电子资源
  • 读者导购
  • 参考咨询
  • 我的图书馆
  • 登录
  • 详细信息显示
  • 放入我的书架
  • 预约/预借图书
  • 作者相关作品
  • 分类相关作品
  • 丛书相关作品
  • 出版社相关作品

书目信息

  • 表格格式
  • 工作单格式
  • 卡片格式
题名:
网络时代的宠儿
    
 
作者: 刘国云 , 贾娟娟 , 刘世英 编著
分册:  
出版信息: 北京   中国时代经济出版社  2006
页数: 224页
开本: 24cm
丛书名:
单 册:
中图分类: G210.7
科图分类:
主题词: 互联网络--新闻编辑--基本知识 , 互联网络 , 新闻编辑
电子资源:
ISBN: 7-80169-887-8
000 00965nam0 2200265 450
001 010040030438
005 20061207110527.03
010    @a7-80169-887-8@dCNY25.00
100    @a20060215d2006 em y0chiy0110 ea
101 0  @achi
102    @aCN@b110000
105    @ay z 000yy
200 1  @a网络时代的宠儿@9wang luo shi dai de chong er@e网络编辑人员必读@f刘世英,刘国云,贾娟娟编著
210    @a北京@c中国时代经济出版社@d2006
215    @a224页@d24cm
330    @a本书从网络编辑的发展、素质要求以及工作技巧等各方面进行了详细阐述,引导从事网络编辑的工作人员掌握更加全面的网络和新闻等综合知识,完善知识结构,更好地适应网络编辑工作,掌握网络编辑的技巧和方法。
606 0  @a互联网络@x新闻编辑@x基本知识
606 0  @a互联网络
606 0  @a新闻编辑
690    @aG210.7@v4
701  0 @a刘国云@9liu guo yun@4编著
701  0 @a贾娟娟@9jia juan juan@4编著
701  0 @a刘世英@9liu shi ying@4编著
801  0 @aCN@bRENTIAN@c20061207
905    @a10447@dG210.7@e179
    
    网络时代的宠儿:网络编辑人员必读/刘世英,刘国云,贾娟娟编著.-北京:中国时代经济出版社,2006
    224页;24cm
    
    
    ISBN 7-80169-887-8:CNY25.00
    本书从网络编辑的发展、素质要求以及工作技巧等各方面进行了详细阐述,引导从事网络编辑的工作人员掌握更加全面的网络和新闻等综合知识,完善知识结构,更好地适应网络编辑工作,掌握网络编辑的技巧和方法。
●
相关链接 在E读中查询图书 在五车中查询图书 在当当中查询图书 在豆瓣中查询图书


正题名:网络时代的宠儿     索取号:G210.7/179         预约/预借

序号 登录号 条形码 馆藏地/架位号 状态 备注
1 0388651   203886517   第一样本阅览室/ [索取号:G210.7/179] 在馆    
2 0388652   203886526   第四借阅区/ [索取号:G210.7/179] 在馆    
3 0388653   203886535   第四借阅区/ [索取号:G210.7/179] 在馆    
4 0388654   203886544   第四借阅区/ [索取号:G210.7/179] 在馆    
5 0388655   203886553   第四借阅区/ [索取号:G210.7/179] 在馆    
6 0612004   206120044   第四借阅区/ [索取号:G210.7/179] 在馆    
7 0612005   206120053   第四借阅区/ [索取号:G210.7/179] 在馆    
8 0612006   206120062   第四借阅区/ [索取号:G210.7/179] 在馆    
9 0612007   206120071   第四借阅区/ [索取号:G210.7/179] 在馆    
10 0612008   206120080   第四借阅区/ [索取号:G210.7/179] 在馆    
11 0612009   206120099   第四借阅区/ [索取号:G210.7/179] 在馆    
唐山师范学院图书馆 欢迎您!
大连网信软件有限公司© 版权所有